Normal view
MARC view
Entry Personal Name
001 - CONTROL NUMBER
- control field: 255403
003 - CONTROL NUMBER IDENTIFIER
- control field:
005 - DATE AND TIME OF LATEST TRANSACTION
- control field: 20210601205524.0
008 - FIXED-LENGTH DATA ELEMENTS
- fixed length control field: 210601|| aca||aabn | a|a d
040 ## - CATALOGING SOURCE
- Original cataloging agency:
- Transcribing agency:
100 ## - HEADING--PERSONAL NAME
- Personal name: Irwin, George J.
670 ## - SOURCE DATA FOUND
- Source citation: Work cat.: (): Aron, Raymond, 1905- 255402, Introduction to the philosophy of history :, c1961
